Journal of management information systems

Bibliographic Details
Format: Electronic Journal
Language:English
Published: Armonk, N.Y. : M.E. Sharpe, 1984-
Subjects:
Online Access:Full text available from Research Library: 01/01/1992 to 10/31/2001

MARC

LEADER 00000nas a2200000 a 4500
001 ssj0001929
003 WaSeSS
005 20200512172242.0
006 m d
007 cr n
008 010312c19849999nyuqr pss 0 a0eng c
010 |a  2001227163 
015 |a GBB683563  |2 bnb 
016 7 |a 016867573  |2 Uk 
022 |a 1557-928X  |l 0742-1222  |y 0742-1222 
035 |a (WaSeSS)ssj0001929 
037 |b M.E. Sharpe, Inc., 80 Business Park Dr., Armonk, NY 10504 
040 |a EXW  |b eng  |e pn  |c EXW  |d EYM  |d OCLCQ  |d F#A  |d NSD  |d OCLCQ  |d EYM  |d OCLCQ  |d OCLCF  |d OCLCO  |d OCLCQ  |d WT2  |d NLE  |d DLC  |d TOF  |d UKMGB  |d VT2  |d WaSeSS 
042 |a pcc  |a nsdp 
050 0 0 |a T58.6 
082 1 0 |a 658  |2 13 
130 0 |a Journal of management information systems (Online) 
210 0 |a J. manag. inf. syst.  |b (Online) 
222 0 |a Journal of management information systems  |b (Online) 
245 1 0 |a Journal of management information systems  |h [electronic resource]. 
246 3 |a J.M.I.S. 
246 1 3 |a JMIS 
260 |a Armonk, N.Y. :  |b M.E. Sharpe,  |c 1984- 
310 |a Quarterly 
362 0 |a Vol. 1, issue 1 (1984)- 
500 |a Title from cover (JSTOR, viewed May 26, 2010). 
506 |a License restrictions may limit access. 
538 |a Mode of access: World Wide Web. 
588 |a Latest issue consulted: Vol. 35, issue 1 (2018) (Taylor & Francis Online viewed Mar. 30, 2018). 
650 0 |a Management information systems  |v Periodicals. 
650 7 |a Management information systems.  |2 fast  |0 (OCoLC)fst01007271 
655 0 |a Electronic journals. 
776 0 8 |i Print version:  |t Journal of management information systems  |x 0742-1222  |w (DLC)sf 96091378  |w (OCoLC)10260798 
850 |a DLC 
856 4 0 |z Full text available from Research Library: 01/01/1992 to 10/31/2001  |u https://search.proquest.com/publication/3397